000 00667nam a22002177a 4500
005 20140411153644.0
010 _aENG-109367
020 _a9789381075531
_c300.00
035 _aEN-92900
037 _bDBAD/PUB
082 _a621.3
100 _aSingh, R. K.
245 _aBasic electrical engineering /
_cby R. K. Singh [and] P. S. Subramanyam
250 _arev.ed.
260 _aHyderabad
_bBS Publications
_c2011
270 _a4-4-309, Giriraj Lane, Sultan Bazar
_bHyderabad
_e500095
300 _axxiii,552p.
_c24cm(pbk)
500 _aIncludes bibliographical references
700 _aSubramanyam, P. S.
942 _2ddc
_cEN
_mSIN
_h621.3
999 _c82663
_d82663